Loading...

Bulletin of the national natural resources management system

Bibliographic Details
Main Author: NNRMS
Format: Printed Book
Published: Bangalore, NNRMS 1995
Subjects:
LEADER 005930000a22001570004500
082 |a 629.4 NNR 
100 |a NNRMS  |9 135434 
245 |a Bulletin of the national natural resources management system 
260 |a Bangalore, NNRMS 
260 |c 1995 
310 |a National natural resources management system, Department of space Government of India Bangalore 
650 |a Astronautics  |9 52242 
650 |a Space craft engineering  |9 135435 
942 |c BK 
999 |c 177043  |d 177039 
952 |0 0  |1 0  |4 0  |6 629_400000000000000_NNR  |7 0  |9 175469  |a SES  |b SES  |d 2019-05-16  |l 0  |o 629.4 NNR  |p SES01255  |r 2019-05-16  |w 2019-05-16  |y BK